Countries Least Similar To Morocco - Statistics

General Stats
  • This quiz has been taken 40 times
  • The average score is 9 of 21
Answer Stats
Rank Country Score % Correct
9 United States 47.5
92%
2 Japan 44.1
79%
6 Canada 46.9
77%
19 United Kingdom 49.6
69%
11 South Korea 47.8
67%
14 Australia 48.6
62%
13 Norway 48.4
62%
8 Finland 47.2
56%
1 New Zealand 43.9
54%
19 Germany 49.6
49%
16 Ireland 49.4
46%
16 Denmark 49.4
44%
4 Iceland 45.7
41%
5 Taiwan 46.8
36%
9 Switzerland 47.5
28%
18 Estonia 49.5
26%
3 Singapore 45.2
18%
15 Papua New Guinea 49.2
15%
19 Samoa 49.6
10%
7 Bahamas 47.0
8%
12 Trinidad and Tobago 48.2
3%
No matching quizzes found
Score Distribution
Percent of People with Each Score
Percentile by Number Answered
Your Score History
You have not taken this quiz